O capitão Tão Balão (Registo nº 4669)

Detalhes MARC
000 -Etiqueta do registo
Cabeçalho 00740nam0a2200241 4500
005 - Identificador da versão
Campo de controlo 20240813122108.0
003 - Persistent Record Identifier
control field http://id.bnportugal.gov.pt/bib/porbase/12891
100 ## - Dados gerais de processamento
Dados gerais de processamento 20190226d1980 m y0pory5003 ba
102 ## - Pais de publicação ou produção
País de publicação Portugal
101 0# - Língua de publicação
Língua do texto, banda sonora, etc. Português
215 ## - Descrição física 
Indicação específica da natureza do documento e extensão da espécie 30, [2] p.
Outras indicações físicas il
200 1# - Titulo e menção de responsabilidade
Título próprio O capitão Tão Balão
Primeira menção de responsabilidade José Barata Moura
Outras menções de responsabilidade il. Carlos Leitão
225 1# - Colecção 
Título próprio da colecção Pássaro livre
Indicação de volume 21
210 ## - Publicação, Distribuição, etc. 
Lugar da edição, distribuição, etc. Lisboa
Nome do editor, distribuidor, etc. Livros Horizonte
Data da publicação, distribuição, etc. [1980?]
Data da impressão imp. 1980
606 ## - Nome comum usado como assunto
Número de registo de entrada de autoridade 0001358
Palavra de ordem Literatura portuguesa
Subdivisão de assunto Poesia
Código do sistema CA
675 ## - Classificação Decimal Universal (CDU)
Notação 821.134.3-1
Edição 3ª ed.
Língua da edição por
702 #1 - Nome de autor-pessoa física (responsabilidade secundária)
Número de registo de entrada de autoridade 0002078
Palavra de ordem Leitão
Outra parte do nome não tomada para palavra de ordem Carlos
Código de função Ilustrador / Técnico de desenho computorizado
700 #1 - Nome de autor-pessoa física (responsabilidade principal)
Número de registo de entrada de autoridade 0002079
Palavra de ordem Moura
Outra parte do nome não tomada para palavra de ordem José Barata
Datas 1948-
966 ## - Identificação da Biblioteca
Sigla EBVEN
942 ## - Elementos de entrada adicionados (Koha)
Tipo de item no Koha Livro
Exemplares
Situação do levantamento Origin of item (home branch) (coded) Biblioteca de empréstimo Código de barras Cota Circulation type (not for loan) Tipo de documento Nota do exemplar Damaged status
  Biblioteca Escolar das Vendas Biblioteca Escolar das Vendas BEV383 8POR MOU   Livro Sem mensagem